000 00493nam a2200169Ia 4500
003 GCL
008 140319s9999 xx 000 0 ara d
040 _aGCL /
_cGCL
082 0 4 _a956
_bل ش
245 1 0 _aالشرق الاوسط فى الشئون العالمية
300 _a\
490 _aكتاب
_v0
650 0 4 _aالعصر الحديث
650 0 4 _aالشرق الاوسط - تاريخ
650 0 4 _aالشرق الاوسط - العلاقات الخارجية
942 _2ddc
_cBK
999 _c43073
_d43073